000 00945cam a22003017a 4500
003 CHAP
005 20230524115445.0
008 971013s1986 r 00010 d
010 _a656
011 _a1628
035 _a804
040 _cCHAP
082 _a541
_bC4Y 1981
100 1 0 _aChang, Raymond
_921856
245 0 _aFisicoquímica; con aplicaciones a sistemas biológicos
260 _aMéxico, D. F. :
_bCECSA,
_c1986
300 _a792 p.
_b: ilus.
500 _aTrad. Physical Chemistry 2 ed. de 1981
590 _aBATCH-UPD
_b10
_c20130110
_lUCH01
_h0044
590 _aBATCH-UPD
_b10
_c20130110
_lUCH01
_h2008
590 _aBATCH-UPD
_b10
_c20130410
_lUCH01
_h1327
590 _aBATCH-UPD
_b10
_c20130914
_lUCH01
_h0918
590 _aCONVERSION
_b10
_c20130109
_lUCH01
_h1302
650 1 4 _aFisicoquímica.
_941125
901 _aBK
942 _cLIBRO
949 _a541 C4Y 1981
_bBC
_cLIBRO
_d33724002254900
_eLIBRO
_gI. c/e
_h77480
_i804
_si
_t33.00
999 _c656
_d656